<?xml version="1.0" encoding="UTF-8"?>
<record
    xmlns:xsi="http://www.w3.org/2001/XMLSchema-instance"
    xsi:schemaLocation="http://www.loc.gov/MARC21/slim http://www.loc.gov/standards/marcxml/schema/MARC21slim.xsd"
    xmlns="http://www.loc.gov/MARC21/slim">

  <leader>00567nam a2200181Ia 4500</leader>
  <controlfield tag="001">IA_</controlfield>
  <controlfield tag="002">MANUAL DEL MEJORAMIENTO DIARIO</controlfield>
  <controlfield tag="008">220117s    xx            000 0 und d</controlfield>
  <datafield tag="010" ind1=" " ind2=" ">
    <subfield code="a">181961</subfield>
  </datafield>
  <datafield tag="650" ind1=" " ind2="0">
    <subfield code="a">American literature</subfield>
    <subfield code="y">20th century  </subfield>
    <subfield code="9">153260</subfield>
  </datafield>
  <datafield tag="650" ind1=" " ind2=" ">
    <subfield code="a">Ensayo  </subfield>
    <subfield code="9">153131</subfield>
  </datafield>
  <datafield tag="650" ind1=" " ind2=" ">
    <subfield code="a">Essay  </subfield>
    <subfield code="9">153132</subfield>
  </datafield>
  <datafield tag="650" ind1=" " ind2="0">
    <subfield code="a">Literatura americana</subfield>
    <subfield code="y">Siglo XX</subfield>
    <subfield code="9">153261</subfield>
  </datafield>
  <datafield tag="650" ind1=" " ind2=" ">
    <subfield code="a">Personal growth</subfield>
    <subfield code="x">Psycological aspects</subfield>
    <subfield code="9">153262</subfield>
  </datafield>
  <datafield tag="650" ind1=" " ind2=" ">
    <subfield code="a">Superaci&#xF3;n personal</subfield>
    <subfield code="x">Aspectos psicol&#xF3;gicos  </subfield>
    <subfield code="9">153263</subfield>
  </datafield>
  <datafield tag="942" ind1=" " ind2=" ">
    <subfield code="c">808.8383 F67 M36 1994</subfield>
  </datafield>
  <datafield tag="999" ind1=" " ind2=" ">
    <subfield code="c">181961</subfield>
    <subfield code="d">181961</subfield>
  </datafield>
</record>
